000 00344 a2200121 4500
005 20250606140454.0
020 _a978-1-86124-227-3
111 _aCIPS
245 _aContext of Procurement and Supply
260 _aStamford
_bThe Charactered Institute of Purchasing & Supply
_c2012
300 _a84p.: ill; tables.
_bNotes
_c20.5 cm
942 _2ddc
_cBKS
999 _c3330
_d3330